Oxford handbook of public health practice (Record no. 280856)

MARC details
000 -LEADER
fixed length control field 00969nam a2200277Ia 4500
008 - FIXED-LENGTH DATA ELEMENTS--GENERAL INFORMATION
fixed length control field 191130s2006##################000#0#eng##
020 ## - INTERNATIONAL STANDARD BOOK NUMBER
ISBN 9780198566557
082 ## - DEWEY DECIMAL CLASSIFICATION NUMBER
Classification number 362.105 PEN
245 ## - TITLE STATEMENT
Title Oxford handbook of public health practice
Statement of responsibility, etc edited by David Pencheon... [et al. ]
250 ## - EDITION STATEMENT
Edition statement 2nd ed
260 ## - PUBLICATION, DISTRIBUTION, ETC. (IMPRINT)
Place of publication Oxford
Name of publisher Oxford University Press
Year of publication 2006
300 ## - PHYSICAL DESCRIPTION
Number of Pages xxxiv, 691 p. : ill. ; 19 cm
500 ## - GENERAL NOTE
General note Includes bibliographical references (p. 641-676) and index
650 ## - SUBJECT ADDED ENTRY--TOPICAL TERM
Topical Term Health Promotion - Handbooks
Topical Term Medical care - Handbooks, manuals, etc
Topical Term Medicine, Preventive - Handbooks, manuals, etc
Topical Term Public health - Handbooks, manuals, etc
Topical Term Public Health - methods - Handbooks
Topical Term Public Health Administration - Handbooks
700 ## - ADDED ENTRY--PERSONAL NAME
Personal name Pencheon, David
991 ## -
-- 425553
Holdings
Withdrawn status Lost status Damaged status Not for loan Home library Current library Shelving location Date acquired Full call number Accession Number Price effective from Koha item type
        Anna Centenary Library Anna Centenary Library 4TH FLOOR, A WING 15.10.2020 362. 105 PEN 260042 15.10.2020 English Books

Find us on the map